Origins and migrations in the extended eastern Himalayas (Record no. 235336)
[ view plain ]
| 000 -LEADER | |
|---|---|
| fixed length control field | 03508nam a2200457 a 4500 |
| 082 04 - DEWEY DECIMAL CLASSIFICATION NUMBER | |
| Classification number | 954.96 |
| 245 00 - TITLE STATEMENT | |
| Title | Origins and migrations in the extended eastern Himalayas |
| 260 ## - PUBLICATION, DISTRIBUTION, ETC. (IMPRINT) | |
| Place of publication | Leiden ; |
| -- | Boston : |
| Name of publisher | Brill, |
| Year of publication | 2012. |
| 300 ## - PHYSICAL DESCRIPTION | |
| Number of Pages | viii, 336 p. : |
| Other physical details | ill., maps. |
| 490 1# - SERIES STATEMENT | |
| Series statement | Brill's Tibetan studies library, |
| 505 0# - FORMATTED CONTENTS NOTE | |
| Formatted contents note | Trans-Himalayan Migrations as Processes, not Events : Towards a Theoretical Framework / Geoff Childs -- Where the Waters Dry Up : The Place of Origin in Rai Myth and Ritual / Martin Gaenszle -- Where did the Question "Where did My Tribe Come From?" Come From? / Robbins Burling -- Coevolving with the Landscape? Migration Narratives and the Environmental History of the Nyishi Tribe in Upland Arunachal Pradesh / Alexander Aisher -- Micro-Migrations of Hill Peoples in Northern Arunachal Pradesh : Rethinking Methodologies and Claims of Origins in Tibet / Toni Huber -- Apatani Ideas and Idioms of Origins / Stuart Blackburn -- Migration Narratives, Official Classifications, and Local identities : The Memba of the Hidden Land of Pachakshiri / Kerstin Grothmann -- The Language, Culture, Environment and Origins of Proto-Tani Speakers : What is Knowable, and What is not (yet) / Mark W. Post -- Glimpses of the Ethnolinguistic Prehistory of Northeastern India / George van Driem -- Origin and Migration Myths in the Rhetoric of Naga Independence and Collective Identity / Marion Wettstein -- Oral Histories and the "Origins" of Current Peoples : Dynamic Ethnogenesis, with Remarks upon the Limitations of Language-Family Subgrouping / F.K.L. Chit Hlaing -- Cords and Connections : Ritual and Spatial Integration in the Jinghpaw Cultural Zone / Mandy Sadan -- Origin and Return : Genesis and the Souls of the Dead in Naxi Myth and Ritual / Charles F. McKhann -- Migrating Brothers and Party-State Discourses on Ethnic Origin in Southwest China / Koen Wellens. |
| 650 #0 - SUBJECT ADDED ENTRY--TOPICAL TERM | |
| Topical Term | Tibeto-Burman peoples |
| Topical Term | Tibeto-Burman peoples |
| Topical Term | Tibeto-Burman peoples |
| Topical Term | Tibeto-Burman peoples |
| Topical Term | Mountain people |
| Topical Term | Ethnology |
| 700 1# - ADDED ENTRY--PERSONAL NAME | |
| Personal name | Huber, Toni, |
| Personal name | Blackburn, Stuart H. |
| 856 40 - ELECTRONIC LOCATION AND ACCESS | |
| Uniform Resource Identifier | http://site.ebrary.com/lib/rucke/Doc?id=10533647 |
No items available.
